Elements of project management : Plan, schedule and control

Bibliographic Details
Main Author: Spinner, M.
Format: Book
Published: New Jersey : Prentice Hall , 1981
Subjects:

MARC

LEADER 00000cam a2200000 7i4500
001 0000004381
005 20050430.0
020 |a 0132698528 
040 |a INS 
090 0 0 |a HD69.P75   |b S68 1981 
100 1 |a Spinner, M. 
245 1 0 |a Elements of project management :   |b Plan, schedule and control   |c M.Spinner 
260 |a New Jersey :   |b Prentice Hall ,   |c 1981 
300 |a xi, 212p. :   |b ill ;   |c 23 cm. 
650 0 0 |a Industrial project management 
999 |a 0000000101   |b BOOK   |c Open Shelf   |e Default branch